<?xml version="1.0" encoding="UTF-8"?>
<collection xmlns="http://www.loc.gov/MARC21/slim">
<record>
  <controlfield tag="001">309826</controlfield>
  <controlfield tag="005">20240928181526.0</controlfield>
  <datafield tag="035" ind1=" " ind2=" ">
    <subfield code="a">G:(GEPRIS)43495762</subfield>
  </datafield>
  <datafield tag="024" ind1="7" ind2=" ">
    <subfield code="a">G:(GEPRIS)43495762</subfield>
    <subfield code="d">43495762</subfield>
  </datafield>
  <datafield tag="040" ind1=" " ind2=" ">
    <subfield code="a">GEPRIS</subfield>
    <subfield code="c">http://gepris.its.kfa-juelich.de</subfield>
  </datafield>
  <datafield tag="150" ind1=" " ind2=" ">
    <subfield code="a">Selbstregulationskompetenz beim Lernen aus Sachtexten</subfield>
    <subfield code="y">2007 - 2015</subfield>
  </datafield>
  <datafield tag="371" ind1=" " ind2=" ">
    <subfield code="a">Professor Dr. Joachim Wirth</subfield>
  </datafield>
  <datafield tag="450" ind1=" " ind2=" ">
    <subfield code="a">DFG project G:(GEPRIS)43495762</subfield>
    <subfield code="w">d</subfield>
    <subfield code="y">2007 - 2015</subfield>
  </datafield>
  <datafield tag="510" ind1="1" ind2=" ">
    <subfield code="a">Deutsche Forschungsgemeinschaft</subfield>
    <subfield code="0">I:(DE-588b)2007744-0</subfield>
    <subfield code="b">DFG</subfield>
  </datafield>
  <datafield tag="550" ind1=" " ind2=" ">
    <subfield code="0">G:(GEPRIS)28115198</subfield>
    <subfield code="a">SPP 1293: Kompetenzmodelle zur Erfassung individueller Lernergebnisse und zur Bilanzierung von Bildungsprozessen</subfield>
    <subfield code="w">t</subfield>
  </datafield>
  <datafield tag="680" ind1=" " ind2=" ">
    <subfield code="a">In der ersten Projektphase wird ein Kompetenzstrukturmodell für die Selbstregulationskompetenz beim Lernen aus Sachtexten entwickelt, und es werden Kompetenzniveaus definiert (Leitfrage I des SPP). In der zweiten Projektphase werden auf der Basis des Kompetenzstrukturmodells diejenigen Teilkompetenzen identifiziert, die in besonderem Maße zu einer erfolgreichen Selbstregulation beim Lernen aus Sachtexten beitragen. Für diese zentralen Teilkompetenzen werden Messverfahren entwickelt, die auch für eine individuelle Differenzialdiagnostik geeignet sind. Diese Testinstrumente sollen zudem von Lehrerinnen und Lehrern durchgeführt, ausgewertet und interpretiert werden können. Damit sind die maßgeblichen Fragen der hier beantragten zweiten Projektphase folgende: (1) Welche der Teilkompetenzen sind in besonderem Maße für eine erfolgreiche Selbstregulation beim Lernen aus Sachtexten notwendig (Leitfrage I des SPP)? (2) Inwiefern lassen sich die dafür bereits existierenden Testinstrumente so modifizieren, dass sie auch (a) für differenzialdiagnostische Zwecke eingesetzt und (b) selbst von Personen mit wenig Erfahrung im Umgang mit psychologischen Leistungstests durchgeführt, ausgewertet und interpretiert werden können (Leitfrage III des SPP). Diese Tests sind eine notwendige Voraussetzung für die dritte Projektphase, in der untersucht wird, ob eine gezielte Förderung derjenigen Teilkompetenz(en), die bei einem Individuum gering ausgeprägt ist/sind, hinreichend ist, um die Selbstregulationskompetenz insgesamt auf ein anvisiertes Niveau zu bringen (Leitfrage IV des SPP).</subfield>
  </datafield>
  <datafield tag="909" ind1="C" ind2="O">
    <subfield code="o">oai:juser.fz-juelich.de:976701</subfield>
    <subfield code="p">authority:GRANT</subfield>
    <subfield code="p">authority</subfield>
  </datafield>
  <datafield tag="980" ind1=" " ind2=" ">
    <subfield code="a">G</subfield>
  </datafield>
  <datafield tag="980" ind1=" " ind2=" ">
    <subfield code="a">AUTHORITY</subfield>
  </datafield>
  <datafield tag="909" ind1="C" ind2="O">
    <subfield code="o">oai:juser.fz-juelich.de:976701</subfield>
  </datafield>
</record>
</collection>